| 000 | 00533nam a2200145Ia 4500 | ||
|---|---|---|---|
| 008 | 170221s9999 xx 000 0 und d | ||
| 100 | _aCharles McPeak | ||
| 245 | _aImpact of an economic downturn on Sustainability Index investing by capitalization and industry | ||
| 245 | _cCharles McPeak, Pepperdine University; Chris Smith, Pepperdine University. | ||
| 260 | _bJournal of Management and Marketing Research | ||
| 260 | _c2012 | ||
| 300 | _a1 : 1 | ||
| 650 | _xBusiness | ||
| 856 | _uhttp://www.aabri.com/manuscripts/141873.pdf | ||
| 999 |
_c313366 _d313366 |
||